Codice civile e identità giuridica nazionale: percorsi e appunti per una storia delle codificazioni moderne

Gespeichert in:
Bibliographische Detailangaben
1. Verfasser: Cazzetta, Giovanni (VerfasserIn)
Format: Buch
Sprache:Italienisch
Veröffentlicht: Turín G. Giappichelli 2011
Schlagworte:
Tags: Tag hinzufügen
Keine Tags, Fügen Sie den ersten Tag hinzu!

MARC

LEADER 00000cam a2200000 a 4500
001 UCF2105
003 CL-VaPUC
008 120810e20110000IT |||||||||||||||||ita|d
020 |a 9788834817872 
082 0 4 |a 340.11  |b CAZ  |2 21 
100 0 |a Cazzetta, Giovanni  |e author  |9 563711 
245 1 0 |a Codice civile e identità giuridica nazionale: percorsi e appunti per una storia delle codificazioni moderne 
300 |a 249 p 
942 |c BK 
945 |d 20120810 00:00:00  |a dcastane 
260 |a Turín  |b G. Giappichelli  |c 2011 
650 0 |a Filosofía del derecho   |9 255050 
650 7 |a INTERPRETACION DEL DERECHO  |2 CL-VaPUC  |9 563712 
650 0 |a Justicia   |9 255408 
650 0 |a Código civil  |9 256135 
650 0 |a Historia del derecho  |9 255109 
583 |a last modification  |c 20120810 11:35:00  |k Rodrigo Vera 
999 |c 348757  |d 348755 
952 |0 0  |1 0  |4 0  |6 340_110000000000000_CAZ_2011  |7 0  |8 DER_HIS  |9 450928  |a BIBDER  |b BIBDER  |d 2019-11-22  |i 4834038  |l 1  |m 6  |o 340.11 CAZ 2011  |p 4834038  |q 2025-12-31  |r 2020-02-27  |s 2020-02-27  |w 2019-11-22  |x Ubicación 4to Piso  |y BK  |z Estos recursos deben solicitarse con anticipación  |k DER